| 000 | 00448nam a2200157Ia 4500 | ||
|---|---|---|---|
| 008 | 160316s1993 xxu||||| |||| 00| 0 eng d | ||
| 082 |
_a341.260000 _bTOM |
||
| 100 | _aTomuschat Christian | ||
| 245 | _aModern law of self-determination | ||
| 250 | _a | ||
| 260 |
_aLondon _bMartinus Nijhoff Publishers _c1993 |
||
| 300 |
_a347 _b _cx |
||
| 365 | _b | ||
| 650 | _a1.International Law - Self Determination - Right to Self Determination | ||
| 700 |
_a _a |
||
| 999 |
_c9472 _d9472 |
||